[Event "Women's Speed Chess Q7"]
[Site "chess.com INT"]
[Date "2021.06.06"]
[Round "4"]
[White "Szente Varga, Fruzsina"]
[Black "Nandhidhaa, P V"]
[Result "1-0"]
[WhiteTitle "WFM"]
[BlackTitle "WGM"]
[WhiteElo "2100"]
[BlackElo "2365"]
[WhiteFideId "712264"]
[BlackFideId "5050847"]
[EventDate "2021.06.06"]

1. e4 g6 2. d4 Bg7 3. Be3 d5 4. Nc3 dxe4 5. Nxe4 Nf6 6. Nxf6+ exf6 7. Qd2 O-O 8.
O-O-O f5 9. h4 h5 10. f3 Be6 11. Kb1 a5 12. Be2 a4 13. a3 Nd7 14. g4 fxg4 15.
fxg4 Bxg4 16. Bxg4 hxg4 17. h5 Nb6 18. Bh6 Nc4 19. Qc1 Ra6 20. hxg6 Rxg6 21.
Bxg7 Kxg7 22. Ne2 Qg5 23. Nf4 Rh6 24. Ne6+ fxe6 25. Qxg5+ Rg6 26. Qe7+ Rf7 27.
Rh7+ Kxh7 28. Qxf7+ Rg7 29. Rh1# 1-0

[Event "Women's Speed Chess Q7"]
[Site "chess.com INT"]
[Date "2021.06.06"]
[Round "4"]
[White "Luong, Phuong Hanh"]
[Black "Zakirova, Aisha"]
[Result "1-0"]
[WhiteTitle "WIM"]
[BlackTitle "WCM"]
[WhiteElo "2229"]
[BlackElo "1585"]
[WhiteFideId "12401013"]
[BlackFideId "13719734"]
[EventDate "2021.06.06"]

1. d4 Nf6 2. Nf3 g6 3. g3 Bg7 4. Bg2 O-O 5. O-O d5 6. c4 dxc4 7. Na3 c5 8. Nxc4
cxd4 9. Nxd4 a6 10. a4 Qc7 11. b3 Rd8 12. Bf4 Qc5 13. e3 Nd5 14. Bxd5 Qxd5 15.
Nb6 Qa5 16. Bc7 Nc6 17. Nxc6 Rxd1 18. Nxa5 Rxa1 19. Rxa1 Bxa1 20. Nxa8 Be6 21.
Nb6 Bc3 22. Nxb7 Bxb3 23. Nc5 Bc2 24. Nd5 Bb4 25. Nxb4 1-0

[Event "Women's Speed Chess Q7"]
[Site "chess.com INT"]
[Date "2021.06.06"]
[Round "4"]
[White "Nikolova, Adriana"]
[Black "Gunina, Valentina"]
[Result "1-0"]
[WhiteTitle "WGM"]
[BlackTitle "GM"]
[WhiteElo "2243"]
[BlackElo "2436"]
[WhiteFideId "2908689"]
[BlackFideId "4167570"]
[EventDate "2021.06.06"]

1. e4 c6 2. d4 d5 3. Nc3 dxe4 4. Nxe4 Nf6 5. Nxf6+ exf6 6. c3 Bd6 7. Bd3 O-O 8.
Ne2 Re8 9. Qc2 h5 10. O-O Nd7 11. Be3 Nf8 12. Rae1 h4 13. h3 Be6 14. Bf4 Qd7 15.
Bxd6 Qxd6 16. Bf5 Qd5 17. Bxe6 Nxe6 18. b3 Rad8 19. Kh1 f5 20. Ng1 Nf4 21. Nf3
Re4 22. Qd2 Rde8 23. Re3 Rxe3 24. fxe3 Nh5 25. Kg1 Ng3 26. Re1 Qe4 27. Qf2 f6
28. Nd2 Qd3 29. c4 g5 30. Nf1 Nxf1 31. Qxf1 Kg7 32. Qxd3 1-0

[Event "Women's Speed Chess Q7"]
[Site "chess.com INT"]
[Date "2021.06.06"]
[Round "4"]
[White "Paehtz, Elisabeth"]
[Black "Tania, Sachdev"]
[Result "1-0"]
[WhiteTitle "IM"]
[BlackTitle "IM"]
[WhiteElo "2456"]
[BlackElo "2392"]
[WhiteFideId "4641833"]
[BlackFideId "5007844"]
[EventDate "2021.06.06"]

1. d4 Nf6 2. Nf3 e6 3. Bf4 b6 4. e3 Bb7 5. Nc3 d5 6. Ne5 Bd6 7. Nb5 a6 8. Nxd6+
cxd6 9. Nd3 O-O 10. Be2 Nbd7 11. Bxd6 Re8 12. Bg3 Ne4 13. O-O Nxg3 14. fxg3 e5
15. c3 Qc7 16. Qd2 f6 17. Rf2 b5 18. Raf1 Nb6 19. Nc5 Bc6 20. Bd3 e4 21. Be2 Bd7
22. Rf4 a5 23. Qe1 b4 24. Qf2 Qd6 25. g4 bxc3 26. bxc3 h6 27. h4 Rf8 28. Qg3 Na4
29. Nxa4 Bxa4 30. g5 hxg5 31. hxg5 Qb8 32. g6 1-0

[Event "Women's Speed Chess Q7"]
[Site "chess.com INT"]
[Date "2021.06.06"]
[Round "4"]
[White "Nguyen, Hong Anh"]
[Black "Zhou, Qiyu"]
[Result "1/2-1/2"]
[WhiteTitle "WIM"]
[BlackTitle "FM"]
[WhiteElo "1993"]
[BlackElo "2229"]
[WhiteFideId "12406732"]
[BlackFideId "505161"]
[EventDate "2021.06.06"]

1. d4 Nf6 2. c4 e6 3. Nf3 d5 4. g3 Bb4+ 5. Bd2 Be7 6. Bg2 b6 7. O-O O-O 8. cxd5
exd5 9. Nc3 c6 10. Rc1 Bb7 11. Ne5 Nbd7 12. e4 dxe4 13. Nxe4 Nd5 14. Nc3 N7f6
15. Bg5 Rc8 16. Re1 h6 17. Bxf6 Nxf6 18. Qa4 a6 19. Nxc6 Bxc6 20. Bxc6 b5 21.
Qxa6 b4 22. Ne4 Nxe4 23. Bxe4 Rxc1 24. Rxc1 Qxd4 25. Qd3 Qxb2 26. Qb1 Bf6 27.
Bd5 Rd8 28. Bb3 Qxb1 29. Rxb1 Rd2 30. Rd1 Rxd1+ 31. Bxd1 Bc3 32. Bb3 Kf8 1/2-1/2

[Event "Women's Speed Chess Q7"]
[Site "chess.com INT"]
[Date "2021.06.06"]
[Round "4"]
[White "Vine, Elzbieta"]
[Black "Head, Louise"]
[Result "0-1"]
[WhiteTitle "WFM"]
[BlackTitle "WFM"]
[WhiteElo "2138"]
[BlackElo "2090"]
[WhiteFideId "1119320"]
[BlackFideId "424773"]
[EventDate "2021.06.06"]

1. e4 c6 2. d4 d5 3. exd5 cxd5 4. Bd3 Nc6 5. h3 g6 6. Nf3 Bf5 7. Bxf5 gxf5 8.
O-O e6 9. Bg5 Be7 10. Bf4 Bd6 11. Bg5 Nge7 12. c3 Rg8 13. Nbd2 Qc7 14. Bf6 Rg6
15. Be5 Nxe5 16. Nxe5 Bxe5 17. dxe5 Qxe5 18. Nf3 Qc7 19. c4 dxc4 20. Rc1 Rc8 21.
Qa4+ Qc6 22. Qd1 Rd8 23. Qe2 Qe4 24. Qxe4 fxe4 25. Nh4 Rh6 26. g3 Rd2 27. b3
cxb3 28. axb3 Nc6 29. Rfd1 Rxd1+ 30. Rxd1 Ke7 0-1

[Event "Women's Speed Chess Q7"]
[Site "chess.com INT"]
[Date "2021.06.06"]
[Round "4"]
[White "Pandey, Srishti"]
[Black "Ortez, Andrea"]
[Result "1-0"]
[WhiteTitle "WFM"]
[BlackTitle "WIM"]
[WhiteElo "2026"]
[BlackElo "1969"]
[WhiteFideId "35093290"]
[BlackFideId "6702392"]
[EventDate "2021.06.06"]

1. e4 c5 2. Nf3 Nc6 3. d3 g6 4. Be2 Bg7 5. O-O e6 6. c3 Nge7 7. d4 cxd4 8. cxd4
d5 9. Nc3 O-O 10. e5 a6 11. a3 Qb6 12. b4 Nf5 13. Na4 Qa7 14. Bb2 b5 15. Nc5 Bb7
16. Rc1 Rac8 17. Qd2 Rfd8 18. Rc2 Rc7 19. Ne1 Rdc8 20. f4 h5 21. Kh1 Nfe7 22.
Nf3 Bf8 23. Rfc1 Nf5 24. g3 Nh6 25. Ng5 Ng4 26. Bf3 Nh6 27. Kg2 Bg7 28. h3 Nf5
29. Qf2 Nfe7 30. g4 Nd8 31. gxh5 gxh5 32. Bxh5 Qa8 33. Kg3 1-0

[Event "Women's Speed Chess Q7"]
[Site "chess.com INT"]
[Date "2021.06.06"]
[Round "4"]
[White "Buksa, Nataliya"]
[Black "Batsiashvili, Nino"]
[Result "1/2-1/2"]
[WhiteTitle "IM"]
[BlackTitle "GM"]
[WhiteElo "2413"]
[BlackElo "2491"]
[WhiteFideId "14123622"]
[BlackFideId "13602993"]
[EventDate "2021.06.06"]

1. e4 c6 2. Nc3 d5 3. Nf3 dxe4 4. Nxe4 Nf6 5. Qe2 Nxe4 6. Qxe4 Be6 7. d4 Nd7 8.
Bd3 g6 9. O-O Bg7 10. c3 O-O 11. Bg5 Nf6 12. Qe2 Qd5 13. Rfe1 Bg4 14. Bf4 Bxf3
15. Qxf3 Qxf3 16. gxf3 e6 17. a4 a5 18. Bd6 Rfd8 19. Bc7 Rd7 20. Bg3 Bh6 21. Bc4
Nd5 22. Bxd5 cxd5 23. Be5 Bf8 24. Kf1 Be7 25. Ke2 f6 26. Bf4 Kf7 27. Kd3 h5 28.
h4 Ra6 29. Rg1 Rb6 30. Kc2 Bd6 31. Bxd6 Rbxd6 32. Rg2 Rd8 33. Rag1 Rg8 34. f4
Rc6 35. Rg3 Rc4 36. b3 Rc7 37. Kd2 Re7 38. Kd3 Rc7 39. Kd2 Rd7 40. Rb1 Rc7 41.
Rbg1 1/2-1/2

[Event "Women's Speed Chess Q7"]
[Site "chess.com INT"]
[Date "2021.06.06"]
[Round "4"]
[White "Dong, Khanh Linh"]
[Black "Purtseladze, Maka"]
[Result "1-0"]
[WhiteTitle "WCM"]
[BlackTitle "IM"]
[WhiteElo "1970"]
[BlackElo "2274"]
[WhiteFideId "12403040"]
[BlackFideId "13602659"]
[EventDate "2021.06.06"]

1. e4 c6 2. Nf3 d5 3. Nc3 dxe4 4. Nxe4 Bf5 5. Ng3 Bg6 6. h4 h6 7. Ne5 Qd6 8. d4
Nd7 9. Nxg6 Qxg6 10. Bd3 Qd6 11. Be3 Ngf6 12. Nf5 Qc7 13. Qf3 e6 14. Bf4 Qa5+
15. Bd2 Qb6 16. O-O-O exf5 17. Rde1+ Kd8 18. Qxf5 Bd6 19. Ba5 g6 20. Bxb6+ axb6
21. Qf3 Rxa2 22. Kb1 Ra5 23. g4 Kc7 24. g5 Rha8 25. Kc1 Nd5 26. c3 Bf4+ 27. Kc2
hxg5 28. hxg5 Nf8 29. Bc4 Ne6 30. Bxd5 cxd5 31. Rxe6 fxe6 32. Qxf4+ Kc6 33. Rh7
Rc8 34. Qe5 Kb5 35. Qxe6 Rc6 36. Qxd5+ 1-0

[Event "Women's Speed Chess Q7"]
[Site "chess.com INT"]
[Date "2021.06.06"]
[Round "4"]
[White "Kulkarni, Bhakti"]
[Black "Chu, Ruotong"]
[Result "0-1"]
[WhiteTitle "IM"]
[BlackTitle "WIM"]
[WhiteElo "2391"]
[BlackElo "2207"]
[WhiteFideId "5019516"]
[BlackFideId "8605653"]
[EventDate "2021.06.06"]

1. d4 d5 2. Nf3 Nf6 3. Bf4 Bf5 4. e3 e6 5. Bd3 Ne4 6. O-O Nd7 7. c4 c6 8. Qc2
Bd6 9. Nbd2 Bxf4 10. exf4 Nxd2 11. Qxd2 Bxd3 12. Qxd3 dxc4 13. Qxc4 O-O 14. Ne5
Nb6 15. Qc5 Qf6 16. g3 Rad8 17. Rfd1 Rd5 18. Qc3 Rfd8 19. a4 c5 20. a5 cxd4 21.
Qb4 Nd7 22. Qxb7 Nxe5 23. fxe5 Rxe5 24. Qxa7 Re2 25. Rf1 Rxb2 26. a6 d3 27. Qc7
d2 28. Rad1 Ra2 29. a7 Ra8 30. Ra1 Rxa1 31. Qb8+ Qd8 32. Qxd8+ Rxd8 33. Rxa1
d1=Q+ 34. Rxd1 Rxd1+ 35. Kg2 Ra1 0-1

[Event "Women's Speed Chess Q7"]
[Site "chess.com INT"]
[Date "2021.06.06"]
[Round "4"]
[White "Voit, Daria"]
[Black "Ambartsumova, Karina"]
[Result "0-1"]
[WhiteTitle "WGM"]
[BlackTitle "IM"]
[WhiteElo "2354"]
[BlackElo "2382"]
[WhiteFideId "4182146"]
[BlackFideId "4166299"]
[EventDate "2021.06.06"]

1. c4 Nf6 2. g3 e6 3. Bg2 d5 4. Nf3 c5 5. d4 Nc6 6. O-O cxd4 7. Nxd4 Bc5 8. Nb3
Be7 9. cxd5 Nxd5 10. Nc3 Nxc3 11. bxc3 O-O 12. Nd4 Nxd4 13. cxd4 Bf6 14. Bb2 Rb8
15. Rc1 Bd7 16. Qb3 Bc6 17. e4 Bxd4 18. Rfd1 e5 19. Bxd4 exd4 20. Qb4 d3 21. Rc3
d2 22. Rc2 Qf6 23. Rcxd2 Rfe8 24. f3 h6 25. Qd4 Qe7 26. Bf1 a6 27. Qb6 Qa3 0-1

[Event "Women's Speed Chess Q7"]
[Site "chess.com INT"]
[Date "2021.06.06"]
[Round "4"]
[White "Antolak, Julia"]
[Black "Priyanka, K"]
[Result "1-0"]
[WhiteTitle "WIM"]
[BlackTitle "WIM"]
[WhiteElo "2309"]
[BlackElo "2218"]
[WhiteFideId "1159569"]
[BlackFideId "5082986"]
[EventDate "2021.06.06"]

1. e4 c5 2. Nf3 d6 3. d4 cxd4 4. Nxd4 Nf6 5. Nc3 a6 6. Nb3 e5 7. Bg5 Be6 8. f4
exf4 9. Qd2 Nbd7 10. O-O-O Qc7 11. Bxf4 Ne5 12. Nd4 Be7 13. Kb1 Nc4 14. Bxc4
Qxc4 15. Nf5 Bxf5 16. exf5 O-O-O 17. Rhe1 Rhe8 18. Be3 Bf8 19. Bb6 Rxe1 20. Rxe1
Re8 21. Rd1 Qc6 22. Bd4 Ne4 23. Nxe4 Qxe4 24. a3 Qxf5 25. Qc3+ Kb8 26. Bxg7 Bxg7
27. Qxg7 Re2 28. Qc3 Rxg2 29. Rxd6 Rg1+ 30. Ka2 Qf1 31. Rd8+ Ka7 32. Qd4+ b6 33.
Qd7# 1-0

[Event "Women's Speed Chess Q7"]
[Site "chess.com INT"]
[Date "2021.06.06"]
[Round "4"]
[White "Fominykh, Maria"]
[Black "Mohota, Nisha"]
[Result "1-0"]
[WhiteTitle "WGM"]
[BlackTitle "IM"]
[WhiteElo "2206"]
[BlackElo "2195"]
[WhiteFideId "4142411"]
[BlackFideId "5004330"]
[EventDate "2021.06.06"]

1. d4 d5 2. c4 e6 3. Nc3 Nf6 4. cxd5 exd5 5. Bg5 c6 6. e3 Bd6 7. Qc2 O-O 8. Bd3
h6 9. Bh4 a5 10. Nf3 Na6 11. a3 Nc7 12. h3 Re8 13. O-O g5 14. Nxg5 hxg5 15. Bxg5
Kg7 16. e4 Ne6 17. Bxf6+ Qxf6 18. e5 Qg5 19. Ne2 Nxd4 20. Nxd4 Bxh3 21. f4 Qg3
22. exd6 Qe3+ 23. Qf2 Qxd3 24. gxh3 Rg8 25. Kh2 Kf8 26. Rg1 Rh8 27. Rg3 Qc4 28.
Re1 b5 29. Qe3 1-0

[Event "Women's Speed Chess Q7"]
[Site "chess.com INT"]
[Date "2021.06.06"]
[Round "4"]
[White "Mkrtchian, Lilit"]
[Black "Jakubowska, Anna"]
[Result "1-0"]
[WhiteTitle "IM"]
[BlackTitle "WIM"]
[WhiteElo "2388"]
[BlackElo "2073"]
[WhiteFideId "13300601"]
[BlackFideId "1121952"]
[EventDate "2021.06.06"]

1. e4 c6 2. d4 d5 3. e5 Bf5 4. Nd2 e6 5. Nb3 h6 6. Nf3 Nd7 7. Be2 c5 8. Nxc5
Nxc5 9. dxc5 Bxc5 10. Bb5+ Kf8 11. O-O Ne7 12. Bd3 g5 13. c3 Kg7 14. Nd4 Bxd4
15. cxd4 Qb6 16. Be3 Rac8 17. Qd2 Bxd3 18. Qxd3 Qxb2 19. Rab1 Qxa2 20. Rxb7 Rhe8
21. f4 Qc2 22. Qxc2 Rxc2 23. fxg5 hxg5 24. Bxg5 Nf5 25. Bf6+ Kg6 26. Rf4 a5 27.
Rg4+ Kh5 28. Rg5+ Kh6 29. Rxf7 Rb8 30. h3 Rb1+ 31. Kh2 Rbb2 32. Rf8 1-0

[Event "Women's Speed Chess Q7"]
[Site "chess.com INT"]
[Date "2021.06.06"]
[Round "4"]
[White "Nguyen, Thi Thanh An"]
[Black "Morris-Suzuki, Sophie"]
[Result "0-1"]
[WhiteTitle "WGM"]
[BlackTitle "WFM"]
[WhiteElo "2259"]
[BlackElo "2043"]
[WhiteFideId "12400300"]
[BlackFideId "30922615"]
[EventDate "2021.06.06"]

1. d4 g6 2. c4 Bg7 3. Nc3 e6 4. e4 Ne7 5. Be3 O-O 6. Qd2 d5 7. e5 c5 8. Nf3 Nbc6
9. cxd5 Nxd5 10. Nxd5 Qxd5 11. dxc5 Nxe5 12. Qxd5 exd5 13. Nxe5 Bxe5 14. O-O-O
Be6 15. b4 a5 16. b5 Rfc8 17. Rd2 d4 18. Bxd4 Bf4 19. Be3 Bxe3 20. fxe3 Rxc5+
21. Kb2 Rac8 22. a4 Bf5 23. Bd3 Rd8 24. Rhd1 Rcd5 25. Kc3 Rc8+ 26. Kb2 Be6 27.
Bc2 Re5 28. Rd8+ Rxd8 29. Rxd8+ Kg7 30. Rd3 Re4 31. Rc3 Rb4+ 32. Kc1 Bd5 33. g3
Kf6 34. Kd2 Ke5 35. Rc7 Rc4 36. Rxc4 Bxc4 37. Kc3 Bd5 38. Kd2 b6 0-1

[Event "Women's Speed Chess Q7"]
[Site "chess.com INT"]
[Date "2021.06.06"]
[Round "4"]
[White "Potapova, Margarita"]
[Black "Kashlinskaya, Alina"]
[Result "0-1"]
[WhiteTitle "WIM"]
[BlackTitle "IM"]
[WhiteElo "2260"]
[BlackElo "2494"]
[WhiteFideId "14126869"]
[BlackFideId "4198026"]
[EventDate "2021.06.06"]

1. d4 d5 2. c4 e6 3. Nf3 c6 4. g3 Bd6 5. Bg2 f5 6. O-O Nf6 7. b3 Qe7 8. Bb2 O-O
9. Qc1 b6 10. Ba3 Bb7 11. Bxd6 Qxd6 12. Qa3 Qxa3 13. Nxa3 Nbd7 14. Rac1 Ne4 15.
Rfd1 Rac8 16. e3 a6 17. Nc2 c5 18. cxd5 exd5 19. dxc5 bxc5 20. Nce1 Rfd8 21. Nd3
c4 22. Nf4 Ndc5 23. Bf1 cxb3 24. axb3 Nxb3 25. Rb1 Nbc5 26. Nd4 Nc3 27. Nxf5
Nxd1 28. Ne7+ Kf7 29. Nxc8 Nxf2 30. Nb6 Ng4 31. Bh3 Nxe3 32. Rc1 Nc4 33. Nxc4
dxc4 34. Rxc4 Rd1+ 35. Kf2 Ne4+ 36. Ke2 Rb1 37. Rc7+ Kf6 38. Bg2 g5 39. Nh5+ Kg6 0-1

[Event "Women's Speed Chess Q7"]
[Site "chess.com INT"]
[Date "2021.06.06"]
[Round "4"]
[White "Shuvalova, Polina"]
[Black "Eswaran, Ashritha"]
[Result "0-1"]
[WhiteTitle "IM"]
[BlackTitle "WIM"]
[WhiteElo "2489"]
[BlackElo "2244"]
[WhiteFideId "24171760"]
[BlackFideId "2080788"]
[EventDate "2021.06.06"]

1. e4 c5 2. Nf3 d6 3. d4 cxd4 4. Nxd4 Nf6 5. Nc3 g6 6. Be3 Bg7 7. f3 Nc6 8. Qd2
O-O 9. O-O-O d5 10. exd5 Nxd5 11. Nxc6 bxc6 12. Bd4 Bxd4 13. Qxd4 Qb6 14. Na4
Qc7 15. c4 Nf4 16. g3 Ne6 17. Qd2 Rd8 18. Bd3 Rd4 19. Rhe1 Ba6 20. b3 Rad8 21.
Qc3 c5 22. f4 Bb7 23. f5 Ng5 24. Bc2 Nf3 25. Rf1 Nxh2 26. fxg6 hxg6 27. Rfe1 Ng4
28. Rxd4 cxd4 29. Qd3 Ne3 30. c5 Qxg3 31. Rxe3 Qxe3+ 32. Qxe3 dxe3 33. Nc3 f5
34. Bd1 f4 35. Bg4 f3 36. c6 Bxc6 0-1

[Event "Women's Speed Chess Q7"]
[Site "chess.com INT"]
[Date "2021.06.06"]
[Round "4"]
[White "Hng, Mei-En Emmanuelle"]
[Black "Hajiyeva, Laman"]
[Result "0-1"]
[WhiteTitle "WFM"]
[BlackTitle "WFM"]
[WhiteElo "2013"]
[BlackElo "1982"]
[WhiteFideId "5804566"]
[BlackFideId "13415875"]
[EventDate "2021.06.06"]

1. e4 c6 2. d4 d5 3. e5 Bf5 4. h4 e6 5. g4 Be4 6. f3 Bg6 7. h5 Ne7 8. hxg6 Nxg6
9. Nc3 Be7 10. Bd3 Bh4+ 11. Kf1 Nd7 12. Bxg6 hxg6 13. Bf4 g5 14. Be3 Qb6 15. b3
Qb4 16. Qd3 O-O-O 17. a3 Qb6 18. Nge2 f5 19. a4 fxg4 20. fxg4 Rhf8+ 21. Kg2 Rf7
22. Raf1 Rdf8 23. Rxf7 Rxf7 24. Rf1 Rxf1 25. Kxf1 Qd8 26. Kg2 Qf8 27. Ng1 Qf7
28. Nf3 Nf8 29. Bxg5 Bxg5 30. Nxg5 Qf4 31. Nf3 Qxg4+ 32. Kf2 Ng6 33. Ne2 Ne7 34.
Qe3 Nf5 35. Qf4 Qh3 36. Ng3 Nh6 37. Qf8+ Kc7 38. Qxg7+ Kb6 39. Ne2 Ng4+ 40. Ke1
Qh1+ 41. Nfg1 Qg2 42. Kd2 Qe4 43. a5+ Ka6 44. Qc7 Qe3+ 45. Kd1 Nf2+ 46. Ke1 Ne4
47. b4 Qf2+ 48. Kd1 Qf1# 0-1

[Event "Women's Speed Chess Q7"]
[Site "chess.com INT"]
[Date "2021.06.06"]
[Round "4"]
[White "Fernandez, Maria Florencia"]
[Black "Padmini, Rout"]
[Result "0-1"]
[WhiteTitle "WIM"]
[BlackTitle "IM"]
[WhiteElo "2229"]
[BlackElo "2370"]
[WhiteFideId "116459"]
[BlackFideId "5029295"]
[EventDate "2021.06.06"]

1. d4 Nf6 2. c4 g6 3. Nc3 d5 4. cxd5 Nxd5 5. e4 Nxc3 6. bxc3 Bg7 7. Be3 O-O 8.
Bc4 c5 9. Ne2 Nc6 10. O-O Bg4 11. f3 Bd7 12. Rc1 Rc8 13. Qd2 Na5 14. Bd3 c4 15.
Bb1 b5 16. f4 f5 17. e5 e6 18. d5 exd5 19. Qxd5+ Kh8 20. Bxa7 Nc6 21. Be3 Ne7
22. Qd2 Bc6 23. Qxd8 Rfxd8 24. Rcd1 Nd5 25. Bc5 Kg8 26. Bd6 Bf8 27. Bxf8 Kxf8
28. g3 Ke7 29. Kf2 Ra8 30. Rd2 Nc7 31. Rfd1 Rxd2 32. Rxd2 Ra3 33. Nd4 Be8 34.
Ne2 Ne6 35. Ke1 Nc5 36. Kd1 Bc6 37. Kc1 Be4 38. Kb2 Ra8 39. Nd4 Na4+ 40. Kc1
Nxc3 41. Bxe4 fxe4 42. Rb2 e3 0-1

[Event "Women's Speed Chess Q7"]
[Site "chess.com INT"]
[Date "2021.06.06"]
[Round "4"]
[White "Zaksaite, Salomeja"]
[Black "Sviridova, Vlada"]
[Result "0-1"]
[WhiteTitle "WIM"]
[BlackTitle "WFM"]
[WhiteElo "2202"]
[BlackElo "2144"]
[WhiteFideId "12801496"]
[BlackFideId "24109606"]
[EventDate "2021.06.06"]

1. g3 d5 2. Bg2 c6 3. b3 Nf6 4. Bb2 Bf5 5. e3 e6 6. Ne2 Nbd7 7. h3 h6 8. O-O Be7
9. d3 O-O 10. Nd2 Re8 11. f4 a5 12. a3 Qb6 13. Nf3 Qxe3+ 14. Kh2 Qb6 15. Ne5 Bh7
16. Qd2 Nxe5 17. fxe5 Nd7 18. Qf4 Rf8 19. Rae1 a4 20. b4 c5 21. c3 cxb4 22. cxb4
Rac8 23. Bd4 Qb5 24. Qe3 Bg5 25. Qf3 Bxd3 26. h4 Be7 27. Rf2 Bxe2 28. Rfxe2 Rc4
29. Bg1 Qc6 30. h5 Rc3 31. Qg4 Qc4 32. Qh3 Bg5 33. Bc5 Nxc5 34. bxc5 Rxa3 35.
Rf2 Qc3 36. Ref1 Qxc5 37. Bf3 Qe3 38. Bg4 Qxe5 39. Re2 Qc3 40. Bxe6 Kh8 41. Bxf7
Qd3 42. Bg6 Qxe2+ 0-1

[Event "Women's Speed Chess Q7"]
[Site "chess.com INT"]
[Date "2021.06.06"]
[Round "4"]
[White "Bivol, Alina"]
[Black "Babiy, Olga"]
[Result "0-1"]
[WhiteTitle "WGM"]
[BlackTitle "WGM"]
[WhiteElo "2374"]
[BlackElo "2280"]
[WhiteFideId "4100123"]
[BlackFideId "14117258"]
[EventDate "2021.06.06"]

1. e4 c6 2. d4 d5 3. e5 Bf5 4. h4 h5 5. Bd3 Bxd3 6. Qxd3 e6 7. Bg5 Be7 8. Nf3
Nh6 9. Nc3 Nf5 10. Ne2 Nd7 11. c4 dxc4 12. Qxc4 Nb6 13. Qc2 Bb4+ 14. Kf1 Qd5 15.
a3 Be7 16. Rd1 O-O-O 17. Bxe7 Nxe7 18. Nc3 Qc4+ 19. Qe2 Qb3 20. g3 Nc4 21. Ne4
Nf5 22. Kg2 Qxb2 23. Qxb2 Nxb2 24. Rb1 Nc4 25. Rhc1 b5 26. a4 a6 27. axb5 axb5
28. Ra1 Kc7 29. Nc5 Ra8 30. Rab1 Ra2 31. Ng5 Rf8 32. Ncxe6+ fxe6 33. Nxe6+ Kb6
34. Nxf8 Nxd4 35. e6 Nf5 36. Re1 Nce3+ 37. Kg1 Nd5 38. Rbd1 Nfe7 39. Nd7+ Kc7
40. Nc5 b4 41. Rd4 Kb6 42. Ne4 b3 43. Nd6 Kc5 44. Red1 Kxd6 45. R1d3 b2 0-1

[Event "Women's Speed Chess Q7"]
[Site "chess.com INT"]
[Date "2021.06.06"]
[Round "4"]
[White "Belenkaya, Dina"]
[Black "Avramidou, Anastasia"]
[Result "0-1"]
[WhiteTitle "WGM"]
[BlackTitle "FM"]
[WhiteElo "2341"]
[BlackElo "2238"]
[WhiteFideId "24142654"]
[BlackFideId "4239873"]
[EventDate "2021.06.06"]

1. e4 g6 2. d4 Bg7 3. Nc3 c6 4. f4 d5 5. e5 Nh6 6. Be2 O-O 7. Nf3 f6 8. O-O c5
9. dxc5 e6 10. Be3 Nc6 11. Bf2 fxe5 12. fxe5 Nxe5 13. Nxe5 Bxe5 14. Bd4 Rxf1+
15. Bxf1 Qf6 16. Nb5 Bd7 17. Bxe5 Qxe5 18. Qd4 Qxd4+ 19. Nxd4 Rc8 20. Re1 Rxc5
21. Nxe6 Rxc2 22. Nf4 Bc6 23. Rd1 Rxb2 24. Nxd5 Bxd5 25. Rxd5 Nf5 26. Rd8+ Kg7
27. Rd7+ Kf6 28. Rxh7 Ne3 29. Bc4 Nxc4 30. Rc7 Nd6 31. Rd7 Ke6 32. Rg7 Kf5 33.
Rd7 Nc4 34. Rc7 Ne3 35. g3 a5 36. h4 Ke4 37. Re7+ Kf3 38. g4 Rg2+ 39. Kh1 Rxg4
40. Rf7+ Rf4 41. Rxb7 Rxh4+ 42. Kg1 Rb4 43. Rf7+ Kg3 0-1

[Event "Women's Speed Chess Q7"]
[Site "chess.com INT"]
[Date "2021.06.06"]
[Round "4"]
[White "Kabanova, Ekaterina"]
[Black "Semenova, Elena1"]
[Result "0-1"]
[WhiteTitle "WFM"]
[BlackTitle "WIM"]
[WhiteElo "2138"]
[BlackElo "2246"]
[WhiteFideId "24112917"]
[BlackFideId "24125148"]
[EventDate "2021.06.06"]

1. c4 e5 2. e3 f5 3. Qc2 d6 4. a3 Nf6 5. b4 g6 6. Bb2 Bg7 7. d3 O-O 8. Nd2 a5 9.
b5 Nbd7 10. Be2 Re8 11. Ngf3 Nc5 12. O-O a4 13. Rfe1 Bd7 14. h3 Qe7 15. Nh2 Qf8
16. Bf3 c6 17. bxc6 bxc6 18. Bc3 Rab8 19. Rab1 h5 20. Bb4 Kh7 21. Bxc5 dxc5 22.
Qxa4 Qd6 23. Be2 h4 24. Qa7 Ra8 25. Qb7 Reb8 26. Nhf3 Bh6 27. Nxh4 Rxb7 28. Rxb7
Rb8 29. Reb1 Rxb7 30. Rxb7 e4 31. a4 exd3 32. Bf1 Bg7 33. a5 Bc8 34. Rb6 Qc7 35.
Bxd3 Qa7 36. Nb3 Ne4 37. Nf3 Bd7 38. Bxe4 fxe4 39. Ng5+ Kh6 40. Nxe4 Bf5 41.
Nexc5 Bc2 42. Rb7 Qa8 43. a6 Be5 44. a7 Bxb3 45. Rxb3 Qxa7 46. Nd3 Qa1+ 47. Ne1
Qxe1# 0-1

[Event "Women's Speed Chess Q7"]
[Site "chess.com INT"]
[Date "2021.06.06"]
[Round "4"]
[White "Tokhirjonova, Gulrukhbegim"]
[Black "Varshini, V"]
[Result "1-0"]
[WhiteTitle "WGM"]
[BlackTitle "WGM"]
[WhiteElo "2344"]
[BlackElo "2226"]
[WhiteFideId "14203626"]
[BlackFideId "5091241"]
[EventDate "2021.06.06"]

1. Nf3 d5 2. g3 e6 3. Bg2 Nf6 4. d4 Be7 5. O-O O-O 6. b3 b6 7. Bb2 Bb7 8. Nbd2
c5 9. e3 Nbd7 10. Rc1 Rc8 11. c4 Ne4 12. Nxe4 dxe4 13. Nd2 f5 14. Qc2 Bf6 15.
Rfd1 Qe7 16. Nb1 Rfd8 17. Na3 a6 18. Nb1 b5 19. Qe2 bxc4 20. bxc4 a5 21. Nc3 Ba6
22. Nb5 Nb6 23. Ba3 Nd7 24. Bf1 Bxb5 25. cxb5 Qe8 26. dxc5 Ne5 27. Bg2 Nd3 28.
Rb1 Nxc5 29. Rxd8 Qxd8 30. b6 Nd3 31. Qd1 Rb8 32. Qb3 Qd7 33. Bf1 h6 34. Bxd3
exd3 35. Rd1 Rd8 36. b7 Be5 37. Bb2 Bb8 38. Bd4 Kh7 39. Bb6 Re8 40. Rxd3 Qc6 41.
Bxa5 e5 42. Rd1 Re6 43. Qd5 Qe8 44. f4 Rd6 45. Qb3 Rxd1+ 46. Qxd1 exf4 47. Qe2
Ba7 48. Kg2 1-0